The strength of materials; (Record no. 545012)

000 -LEADER
fixed length control field 00579cam a22001571 4500
082 ## - DEWEY DECIMAL CLASSIFICATION NUMBER
Classification number 620.112
Author Mark CAS
-- D
100 1# - MAIN ENTRY--PERSONAL NAME
Personal name Case, John,
9 (RLIN) 40726
245 14 - TITLE STATEMENT
Title The strength of materials;
Remainder of title a treatise on the theory of stress calculations for engineers,
Statement of responsibility, etc. by John Case.
260 ## - PUBLICATION, DISTRIBUTION, ETC.
Place of publication, distribution, etc. New York,
Name of publisher, distributor, etc. Longmans, Green & co.;
Place of publication, distribution, etc. London,
Name of publisher, distributor, etc. E. Arnold & co.,
Date of publication, distribution, etc. 1925.
300 ## - PHYSICAL DESCRIPTION
Extent viii, 558 p.
Other physical details diagrs.
Dimensions 24 cm
500 ## - GENERAL NOTE
General note Printed in Great Britain.
526 ## - STUDY PROGRAM INFORMATION NOTE
Program name 0
Interest level 0
Reading level 0
Title point value 620_112000000000000_CAS
650 #0 - SUBJECT ADDED ENTRY--TOPICAL TERM
Topical term or geographic name entry element Strains and stresses.
9 (RLIN) 28238
650 #0 - SUBJECT ADDED ENTRY--TOPICAL TERM
Topical term or geographic name entry element Strength of materials.
9 (RLIN) 563
942 ## - ADDED ENTRY ELEMENTS (KOHA)
Source of classification or shelving scheme
Koha item type Book
Holdings
Withdrawn status Lost status Source of classification or shelving scheme Damaged status Not for loan Permanent Location Current Location Date acquired Total Checkouts Full call number Barcode Date last seen Date last checked out Price effective from Koha item type
          Military College of Engineering (MCE) Military College of Engineering (MCE) 05/15/2014 1 620.112 CAS MCE-468 10/20/2015 02/18/2015 05/15/2014 Book
© 2023 Central Library, National University of Sciences and Technology. All Rights Reserved.